[Event "22.Deutsche Senioreneinzelmeisterschaft"]
[Site "Berlin-Spandau"]
[Date "2010.08.18"]
[Round "3.1"]
[White "Schmidt, Bodo"]
[Black "Benninger, Rudolf"]
[Result "1-0"]
[WhiteElo "2353"]
[BlackElo "2026"]
[PlyCount "91"]
[EventDate "2010.08.??"]
[EventType "swiss"]
[EventRounds "9"]
[EventCountry "GER"]
[WhiteTeam "Godesberger SK 1929 e.V."]
[BlackTeam "SC Heusenstamm"]

1. d4 g6 2. c4 Bg7 3. Nf3 c5 4. d5 d6 5. g3 e6 6. Bg2 Ne7 7. O-O O-O 8. Nc3
exd5 9. cxd5 a6 10. a4 Nd7 11. Bf4 Nf6 12. h3 h6 13. e4 g5 14. Be3 Ng6 15. Nd2
b6 16. Kh2 Rb8 17. Rb1 Re8 18. b4 Bd7 19. b5 a5 20. Nc4 Qe7 21. Qd2 Nh7 22.
Rbe1 Ne5 23. Nxe5 Qxe5 24. Nd1 f5 25. f4 Qf6 26. exf5 gxf4 27. Rxf4 Re5 28. g4
Rbe8 29. Rff1 Ng5 30. Bf4 Rxe1 31. Rxe1 Rxe1 32. Qxe1 Nf7 33. Qe4 Qd4 34. Ne3
Qxe4 35. Bxe4 Be5 36. Kg3 Kg7 37. Nc4 Ng5 38. Bg2 Kf6 39. Nxb6 Be8 40. Nc4 Nf7
41. b6 Nd8 42. Nxa5 Bxa4 43. b7 Nxb7 44. Nxb7 c4 45. Nxd6 Bxf4+ 46. Kxf4 1-0

[Event "22.Deutsche Senioreneinzelmeisterschaft"]
[Site "Berlin-Spandau"]
[Date "2010.08.18"]
[Round "3.2"]
[White "Weber, Bernd"]
[Black "Werner, Clemens"]
[Result "0-1"]
[WhiteElo "2037"]
[BlackElo "2308"]
[PlyCount "62"]
[EventDate "2010.08.??"]
[EventType "swiss"]
[EventRounds "9"]
[EventCountry "GER"]
[WhiteTeam "SC Leipzig-Gohlis"]
[BlackTeam "Karlsruher SF 1853"]

1. d4 d6 2. e4 Nf6 3. Nc3 g6 4. Nf3 Bg7 5. Be2 O-O 6. h3 b6 7. Be3 Bb7 8. d5 a6
9. Qd2 b5 10. a3 Nbd7 11. Bh6 e5 12. Bxg7 Kxg7 13. Rd1 Qe7 14. O-O Ng8 15. g4
Kh8 16. g5 f6 17. gxf6 Ndxf6 18. Ng5 Bc8 19. Kh2 h6 20. Nf3 Nh5 21. Ng1 Nf4 22.
Qe3 h5 23. Bf3 g5 24. Nce2 Nh6 25. Nxf4 gxf4 26. Qe2 Qh4 27. Bxh5 Rg8 28. Rd3
Rg7 29. Rfd1 Bg4 30. Bxg4 Nxg4+ 31. Kg2 Ne3+ 0-1

[Event "22.Deutsche Senioreneinzelmeisterschaft"]
[Site "Berlin-Spandau"]
[Date "2010.08.18"]
[Round "3.3"]
[White "Clemens, Christian"]
[Black "Biller, Helmut"]
[Result "1/2-1/2"]
[WhiteElo "2274"]
[BlackElo "2023"]
[PlyCount "49"]
[EventDate "2010.08.??"]
[EventType "swiss"]
[EventRounds "9"]
[EventCountry "GER"]

1. g3 d5 2. Nf3 Nf6 3. Bg2 c6 4. O-O Bf5 5. b3 e6 6. Bb2 h6 7. d3 Be7 8. Nbd2
O-O 9. c4 Nbd7 10. a3 a5 11. Qc2 Bh7 12. Bc3 Qb6 13. Qb2 Rfd8 14. b4 axb4 15.
axb4 Bf8 16. c5 Qc7 17. Rfc1 b6 18. Nb3 bxc5 19. Nxc5 Qb6 20. Na4 Qb7 21. Nd4
Rab8 22. Rcb1 c5 23. bxc5 Qxb2 24. Rxb2 Rxb2 25. Bxb2 1/2-1/2

[Event "22.Deutsche Senioreneinzelmeisterschaft"]
[Site "Berlin-Spandau"]
[Date "2010.08.18"]
[Round "3.4"]
[White "Mittermaier, Walter"]
[Black "Khanukov, Boris"]
[Result "0-1"]
[WhiteElo "2025"]
[BlackElo "2258"]
[PlyCount "58"]
[EventDate "2010.08.??"]
[EventType "swiss"]
[EventRounds "9"]
[EventCountry "GER"]

1. d4 Nf6 2. c4 e6 3. Nf3 b6 4. g3 Ba6 5. b3 Bb4+ 6. Bd2 Be7 7. Nc3 d5 8. Bg2
c6 9. cxd5 cxd5 10. O-O Nc6 11. a3 O-O 12. b4 Bc4 13. Bf4 b5 14. Nd2 Qb6 15.
Nxc4 bxc4 16. Be3 Ng4 17. Na4 Qb5 18. Nc3 Qb6 19. Na4 Qa6 20. Nc5 Bxc5 21. bxc5
Nxe3 22. fxe3 f5 23. Qc2 g6 24. Rfb1 Rab8 25. Qc3 Qa4 26. e4 fxe4 27. e3 Rb3
28. Rxb3 Qxb3 29. Qxb3 cxb3 0-1

[Event "22.Deutsche Senioreneinzelmeisterschaft"]
[Site "Berlin-Spandau"]
[Date "2010.08.18"]
[Round "3.5"]
[White "Gruzmann, Boris"]
[Black "Kornrumpf, Joachim"]
[Result "1-0"]
[WhiteElo "2248"]
[BlackElo "2015"]
[PlyCount "45"]
[EventDate "2010.08.??"]
[EventType "swiss"]
[EventRounds "9"]
[EventCountry "GER"]

1. e4 c5 2. Nf3 e6 3. d4 cxd4 4. Nxd4 a6 5. Bd3 Qc7 6. O-O Nf6 7. c4 d6 8. Nc3
Nbd7 9. f4 g6 10. Be3 Bg7 11. Rc1 O-O 12. g4 e5 13. Nb3 exf4 14. Bxf4 Qb6+ 15.
Kh1 Nc5 16. g5 Bg4 17. Be2 Bxe2 18. Qxe2 Nxb3 19. gxf6 Nxc1 20. Bxc1 Bxf6 21.
Nd5 Qd8 22. Nxf6+ Kg7 23. Qe3 1-0

[Event "22.Deutsche Senioreneinzelmeisterschaft"]
[Site "Berlin-Spandau"]
[Date "2010.08.18"]
[Round "3.6"]
[White "Knaak, Joachim"]
[Black "Bakhmatov, Eduard"]
[Result "0-1"]
[WhiteElo "2023"]
[BlackElo "2237"]
[PlyCount "80"]
[EventDate "2010.08.??"]
[EventType "swiss"]
[EventRounds "9"]
[EventCountry "GER"]
[WhiteTeam "SV Dresden-Leuben"]
[BlackTeam "SV Hattingen e.V."]

1. d4 Nf6 2. c4 g6 3. Nc3 Bg7 4. e4 d6 5. f3 O-O 6. Be3 Nc6 7. Nge2 a6 8. Ng3
Rb8 9. Bd3 Nd7 10. Nce2 e5 11. d5 Nd4 12. b4 c5 13. dxc6 bxc6 14. Rb1 Nb6 15.
O-O Be6 16. Qc1 c5 17. f4 exf4 18. Nxf4 Nd7 19. a3 Ne5 20. Kh1 Qh4 21. Nxe6 Ng4
22. Bg1 Nxe6 23. Be2 Be5 24. Bxg4 Qxg4 25. Qd1 Qh4 26. Qe1 cxb4 27. axb4 Rfc8
28. b5 axb5 29. cxb5 Nc5 30. Qf2 Bxg3 31. Qxg3 Qxg3 32. hxg3 Nxe4 33. Rfd1 Nc3
34. b6 Nxd1 35. Rxd1 Rc6 36. Rb1 f5 37. Be3 Kf7 38. Ra1 Rb7 39. Ra7 Rxa7 40.
bxa7 Ra6 0-1

[Event "22.Deutsche Senioreneinzelmeisterschaft"]
[Site "Berlin-Spandau"]
[Date "2010.08.18"]
[Round "3.7"]
[White "Rotstein, Jefim"]
[Black "Wiemer, Juergen"]
[Result "1-0"]
[WhiteElo "2210"]
[BlackElo "2011"]
[PlyCount "137"]
[EventDate "2010.08.??"]
[EventType "swiss"]
[EventRounds "9"]
[EventCountry "GER"]
[WhiteTeam "Ford-SF Koeln e.V."]
[BlackTeam "SC Neukloster"]

1. d4 Nf6 2. Nf3 e6 3. e3 d5 4. Bd3 Bd6 5. O-O Nbd7 6. Nbd2 e5 7. e4 dxe4 8.
Nxe4 Nxe4 9. Bxe4 O-O 10. dxe5 Nxe5 11. Nxe5 Bxe5 12. Bxh7+ Kxh7 13. Qh5+ Kg8
14. Qxe5 Re8 15. Qc3 Be6 16. Bf4 c6 17. Rad1 Qh4 18. Be5 f6 19. Rd4 Qg5 20. Bf4
Qf5 21. Be3 Bd5 22. f3 Qe5 23. Bf4 Qe2 24. Rfd1 Kf7 25. h4 Qe7 26. Qd3 Qe2 27.
c4 Qxd3 28. R1xd3 Be6 29. b3 b5 30. cxb5 cxb5 31. Rb4 a6 32. a4 bxa4 33. bxa4
Rac8 34. Rdd4 Rc6 35. Kh2 Bc8 36. Kg3 Re2 37. Rbc4 Rc2 38. Rxc6 Rxc6 39. h5 Be6
40. Rb4 Bc8 41. Be3 g5 42. hxg6+ Kxg6 43. a5 Kf5 44. Kh4 Kg6 45. Bd4 Rd6 46. g4
Bd7 47. f4 Bb5 48. f5+ Kf7 49. Be3 Rd8 50. Kg3 Rd7 51. Rb2 Rd3 52. Kf4 Ra3 53.
Rc2 Ra4+ 54. Kg3 Rc4 55. Rd2 Rc3 56. Kf4 Rc4+ 57. Bd4 Ra4 58. g5 fxg5+ 59. Kxg5
Rxa5 60. Bb6 Ra3 61. Rh2 Bd3 62. Rh7+ Kg8 63. Rd7 Bxf5 64. Kxf5 a5 65. Bd4 Rf3+
66. Ke6 Rf1 67. Rg7+ Kf8 68. Rh7 Re1+ 69. Be5 1-0

[Event "22.Deutsche Senioreneinzelmeisterschaft"]
[Site "Berlin-Spandau"]
[Date "2010.08.18"]
[Round "3.8"]
[White "Kollberg, Lothar"]
[Black "Schumacher, Gottfried"]
[Result "1/2-1/2"]
[WhiteElo "2002"]
[BlackElo "2200"]
[PlyCount "73"]
[EventDate "2010.08.??"]
[EventType "swiss"]
[EventRounds "9"]
[EventCountry "GER"]
[WhiteTeam "SC Rotation Pankow e.V."]
[BlackTeam "SC Bad Neuenahr/Aw."]

1. d4 Nf6 2. c4 e6 3. Nc3 d5 4. cxd5 exd5 5. Bg5 Be7 6. e3 O-O 7. Bd3 Nbd7 8.
Qc2 Re8 9. Nf3 c6 10. O-O Nf8 11. Rab1 Bg4 12. Ne5 Bh5 13. h3 N6d7 14. Bxe7
Rxe7 15. Nxd7 Qxd7 16. b4 Bg6 17. Rfc1 Ne6 18. Ne2 a6 19. a4 Ng5 20. Bxg6 hxg6
21. b5 axb5 22. axb5 Re6 23. bxc6 bxc6 24. Rb6 Rc8 25. Nf4 Rf6 26. f3 Ne6 27.
Rxc6 Rxc6 28. Qxc6 Qxc6 29. Rxc6 Nxf4 30. Rxf6 Nxh3+ 31. gxh3 gxf6 32. e4 Kf8
33. Kf2 Ke7 34. Ke3 Ke6 35. Kf4 Kd6 36. Ke3 Ke6 37. Kf4 1/2-1/2

[Event "22.Deutsche Senioreneinzelmeisterschaft"]
[Site "Berlin-Spandau"]
[Date "2010.08.18"]
[Round "3.9"]
[White "Schippan, Bernhard"]
[Black "Papenbrock, Volker"]
[Result "1-0"]
[WhiteElo "2195"]
[BlackElo "2010"]
[PlyCount "67"]
[EventDate "2010.08.??"]
[EventType "swiss"]
[EventRounds "9"]
[EventCountry "GER"]

1. e4 g6 2. d4 Bg7 3. Nc3 d6 4. f4 f5 5. e5 dxe5 6. dxe5 Qxd1+ 7. Kxd1 Be6 8.
Nf3 Nh6 9. Ke1 a6 10. Nd4 Bg8 11. Be3 Nd7 12. Rd1 O-O-O 13. Be2 Nb6 14. Kf2 e6
15. Nb3 Bf7 16. Nc5 Rxd1 17. Rxd1 Bf8 18. Bf3 Ng4+ 19. Bxg4 fxg4 20. N3e4 Nd5
21. Bc1 Be7 22. c4 Nb6 23. b3 h6 24. Kg3 h5 25. Be3 Rd8 26. Rxd8+ Bxd8 27. Nf6
Be7 28. Kh4 Bxc5 29. Bxc5 Nd7 30. Nxd7 Kxd7 31. Kg5 b6 32. Kf6 Ke8 33. Ba3 c5
34. b4 1-0

[Event "22.Deutsche Senioreneinzelmeisterschaft"]
[Site "Berlin-Spandau"]
[Date "2010.08.18"]
[Round "3.10"]
[White "Shapiro, Yosip"]
[Black "Bachmann, Karlheinz"]
[Result "0-1"]
[WhiteElo "1998"]
[BlackElo "2192"]
[PlyCount "94"]
[EventDate "2010.08.??"]
[EventType "swiss"]
[EventRounds "9"]
[EventCountry "GER"]

1. Nf3 Nf6 2. c4 g6 3. Nc3 Bg7 4. g3 O-O 5. Bg2 d6 6. d4 Nc6 7. d5 Na5 8. Nd2
c5 9. O-O a6 10. a3 Qc7 11. e4 Rb8 12. Qe2 b5 13. cxb5 axb5 14. Nxb5 Qb6 15. a4
Ba6 16. Re1 Ne8 17. Bf1 Nc7 18. Nc4 Nxc4 19. Qxc4 Rfe8 20. f4 Bd4+ 21. Kg2 Nxb5
22. axb5 Qxb5 23. Qxb5 Bxb5 24. Bxb5 Rxb5 25. Re2 Reb8 26. Ra2 h5 27. f5 Kg7
28. h4 R8b7 29. fxg6 Kxg6 30. Bf4 Rb3 31. Kh3 Be5 32. Rg2 f6 33. Bc1 R7b4 34.
Ra7 Rxe4 35. Rxe7 Rg4 36. Re8 Rgxg3+ 37. Rxg3+ Rxg3+ 38. Kh2 Rd3+ 39. Kg2 Rxd5
40. Rh8 Bxb2 41. Bf4 c4 42. Kf3 c3 43. Ke4 Rd1 44. Rh6+ Kg7 45. Kf5 c2 46. Rg6+
Kf7 47. Rh6 Rd5+ 0-1

[Event "22.Deutsche Senioreneinzelmeisterschaft"]
[Site "Berlin-Spandau"]
[Date "2010.08.18"]
[Round "3.11"]
[White "Budt, Karl-Heinz"]
[Black "Trescher, Manfred"]
[Result "1/2-1/2"]
[WhiteElo "1981"]
[BlackElo "2167"]
[PlyCount "39"]
[EventDate "2010.08.??"]
[EventType "swiss"]
[EventRounds "9"]
[EventCountry "GER"]
[WhiteTeam "SG Kirchlengern"]
[BlackTeam "SC Tarrasch 45 Muenchen"]

1. c4 e5 2. Nc3 Nf6 3. Nf3 e4 4. Nd4 Nc6 5. Nxc6 dxc6 6. d4 exd3 7. Qxd3 Qxd3
8. exd3 Bf5 9. Be3 O-O-O 10. O-O-O Ng4 11. Be2 Nxe3 12. fxe3 Be7 13. Rhf1 Bg6
14. e4 h5 15. Bf3 Bg5+ 16. Kc2 c5 17. e5 Rhe8 18. Be4 Rxe5 19. Bxg6 fxg6 20.
Ne4 1/2-1/2

[Event "22.Deutsche Senioreneinzelmeisterschaft"]
[Site "Berlin-Spandau"]
[Date "2010.08.18"]
[Round "3.12"]
[White "Reichenbach, Werner"]
[Black "Bondick, Karl-Heinz"]
[Result "1-0"]
[WhiteElo "2162"]
[BlackElo "2006"]
[PlyCount "83"]
[EventDate "2010.08.??"]
[EventType "swiss"]
[EventRounds "9"]
[EventCountry "GER"]
[WhiteTeam "SK Zehlendorf e.V."]
[BlackTeam "USC Magdeburg 96"]

1. c4 f5 2. Nc3 Nf6 3. g3 e6 4. Bg2 Be7 5. Nf3 O-O 6. O-O d5 7. d4 c6 8. b3 Bd7
9. Bb2 a5 10. Ne5 Be8 11. f3 Bh5 12. Qd3 Nbd7 13. cxd5 Nxe5 14. dxe5 Nxd5 15.
Nxd5 exd5 16. a4 Bg6 17. f4 Bh5 18. h3 Qb6+ 19. e3 Bc5 20. Rfe1 Rad8 21. Kh2 h6
22. Rac1 Kh8 23. Rc2 Kh7 24. Bd4 Bxd4 25. exd4 Qb4 26. Rec1 g5 27. Rf2 g4 28.
Bf1 Bg6 29. hxg4 fxg4 30. Qd1 h5 31. Bd3 Bf5 32. Bxf5+ Rxf5 33. Qd3 Rdf8 34. e6
Kg7 35. Re2 Qe7 36. Kg2 R8f6 37. Rce1 h4 38. Re5 Rxe5 39. Rxe5 h3+ 40. Kh1 Rxe6
41. Qf5 Rxe5 42. dxe5 1-0

[Event "22.Deutsche Senioreneinzelmeisterschaft"]
[Site "Berlin-Spandau"]
[Date "2010.08.18"]
[Round "3.13"]
[White "Rosen, Willy"]
[Black "Nuenchert, Eveline"]
[Result "1/2-1/2"]
[WhiteElo "2159"]
[BlackElo "1990"]
[PlyCount "150"]
[EventDate "2010.08.??"]
[EventType "swiss"]
[EventRounds "9"]
[EventCountry "GER"]

1. e4 {[%emt 0:00:00]} c5 (1... e5 {[%emt 0:00:00]}) 2. Nf3 e6 3. d4 cxd4 4.
Nxd4 a6 5. Nc3 Qc7 6. Bd3 Nf6 7. Qe2 d6 8. O-O Be7 9. Kh1 Nc6 10. Be3 Bd7 11.
f4 O-O 12. Nf3 Rac8 13. Bg1 g6 14. a3 Rfe8 15. Rae1 Bf8 16. Na4 Nh5 17. g3 Nd4
18. Bxd4 Bxa4 19. b3 Bc6 20. Bb2 b5 21. a4 bxa4 22. Bxa6 Rb8 23. Nd4 axb3 24.
cxb3 Ba8 25. Bb5 Rec8 26. Bc4 d5 27. exd5 exd5 28. Ba6 Rd8 29. Rc1 Qd7 30. Bb5
Qh3 31. Qg2 Qxg2+ 32. Kxg2 Rdc8 33. Rxc8 Rxc8 34. Rc1 Rxc1 35. Bxc1 Ng7 36. Bd7
Bc5 37. Bb2 Kf8 38. Kf3 Ke7 39. Bb5 Ne6 40. Ke3 Nc7 41. Be2 Bb7 42. Kd2 Ne6 43.
Ke3 Nc7 44. Bc3 Na6 45. Kd2 Nb4 46. Bb5 Kd6 47. Nf3 Ke7 48. Bd4 Bd6 49. Ne5 Na6
50. Nd3 Nc7 51. Ba4 Ne6 52. Kc3 f6 53. b4 g5 54. Nc5 Bc8 55. Nxe6 Kxe6 56. fxg5
fxg5 57. Be3 Be5+ 58. Kd2 h6 59. Kd3 Bb7 60. Bd4 Bd6 61. Kc3 h5 62. Bd1 h4 63.
Bg4+ Kf7 64. gxh4 gxh4 65. h3 Bc6 66. Bc5 Bg3 67. Kd4 Kf6 68. Ke3 Ke5 69. Bd4+
Kd6 70. Be2 Bd7 71. Bf1 Kc7 72. b5 Kb7 73. Bf6 Kb6 74. Bd8+ Bc7 75. Bxh4 Bxh3
1/2-1/2

[Event "22.Deutsche Senioreneinzelmeisterschaft"]
[Site "Berlin-Spandau"]
[Date "2010.08.18"]
[Round "3.14"]
[White "Krueger, Erich"]
[Black "Gerhardt, Peter-Michael"]
[Result "1/2-1/2"]
[WhiteElo "2131"]
[BlackElo "1974"]
[PlyCount "47"]
[EventDate "2010.08.??"]
[EventType "swiss"]
[EventRounds "9"]
[EventCountry "GER"]

1. d4 Nf6 2. c4 c5 3. d5 b5 4. Nf3 d6 5. cxb5 g6 6. Nc3 Bg7 7. e4 O-O 8. a4 a6
9. Ra3 axb5 10. Bxb5 Ba6 11. O-O Bxb5 12. axb5 Nbd7 13. Qb3 Qc7 14. Bg5 h6 15.
Bd2 Rab8 16. Rfa1 Rb7 17. Ra6 Nb8 18. R6a2 Nbd7 19. h3 Nb6 20. Bf4 Nfd7 21. Re1
c4 22. Qc2 Nc5 23. Be3 Nd3 24. Rd1 1/2-1/2

[Event "22.Deutsche Senioreneinzelmeisterschaft"]
[Site "Berlin-Spandau"]
[Date "2010.08.18"]
[Round "3.15"]
[White "Petzold, Hilmar"]
[Black "Dornieden, Manfred"]
[Result "1/2-1/2"]
[WhiteElo "1940"]
[BlackElo "2121"]
[PlyCount "84"]
[EventDate "2010.08.??"]
[EventType "swiss"]
[EventRounds "9"]
[EventCountry "GER"]

1. e4 g6 2. d4 Bg7 3. Nc3 d6 4. f4 Nf6 5. Nf3 O-O 6. Bd3 Nc6 7. O-O Bg4 8. Be3
e5 9. dxe5 dxe5 10. h3 exf4 11. Bxf4 Bxf3 12. Qxf3 Nd4 13. Qf2 Ne6 14. Be3 Nd7
15. Kh1 c6 16. Bc4 Qe7 17. Rae1 Ne5 18. Bb3 b6 19. a4 Rad8 20. a5 Nc5 21. Ba2
Ned7 22. Bd4 Bxd4 23. Qxd4 Ne5 24. Qf2 b5 25. Nd1 Ne6 26. Ne3 Kh8 27. Qg3 f6
28. Ng4 Nxg4 29. Qxg4 Ng7 30. c3 Qe5 31. Rd1 f5 32. exf5 Nxf5 33. Rfe1 Ng3+ 34.
Kg1 Ne2+ 35. Kh1 Rxd1 36. Rxd1 c5 37. Qe6 Ng3+ 38. Kg1 Qf5 39. Bd5 Nf1 40. Bf3
Ne3 41. Rd2 Nxg2 42. Bxg2 Qb1+ 1/2-1/2

[Event "22.Deutsche Senioreneinzelmeisterschaft"]
[Site "Berlin-Spandau"]
[Date "2010.08.18"]
[Round "3.16"]
[White "Lueders, Gerhard"]
[Black "Leibovitch, Iziaslav"]
[Result "0-1"]
[WhiteElo "2110"]
[BlackElo "1958"]
[PlyCount "94"]
[EventDate "2010.08.??"]
[EventType "swiss"]
[EventRounds "9"]
[EventCountry "GER"]

1. d4 g6 2. e4 Bg7 3. Nc3 d6 4. Be3 c6 5. Bc4 Nf6 6. Bb3 Qa5 7. f3 Nbd7 8. Qd2
b5 9. O-O-O b4 10. Nce2 Ba6 11. Kb1 c5 12. c4 cxd4 13. Nxd4 Rc8 14. Rc1 Nb6 15.
Nc2 Nxc4 16. Bxc4 Bxc4 17. Nxb4 O-O 18. b3 Bxb3 19. Nc6 Qxd2 20. Bxd2 Rxc6 21.
Rxc6 Ba4 22. Rc4 Bb5 23. Rc3 Nd7 24. Rc7 Rb8 25. Kc2 Nc5 26. Kd1 Nd3 27. Be3
Ba4+ 28. Ke2 Rb2+ 29. Kxd3 Bb5+ 30. Rc4 Rb4 31. Bxa7 Bxc4+ 32. Ke3 Ra4 33. Bb6
Ra6 34. Bd8 Ra3+ 35. Kf4 Be5+ 36. Kg4 Be6+ 37. Kh4 Bf6+ 38. Kg3 Rxa2 39. Nh3 h5
40. Rb1 h4+ 41. Kf4 Rxg2 42. Rb8 Bxh3 43. Bxe7+ Kg7 44. Bf8+ Kh7 45. Bxd6 Bg5+
46. Ke5 Rd2 47. Bb4 f6# 0-1

[Event "22.Deutsche Senioreneinzelmeisterschaft"]
[Site "Berlin-Spandau"]
[Date "2010.08.18"]
[Round "3.17"]
[White "Neumann, Horst"]
[Black "Nautsch, Werner"]
[Result "0-1"]
[WhiteElo "1852"]
[BlackElo "2105"]
[PlyCount "64"]
[EventDate "2010.08.??"]
[EventType "swiss"]
[EventRounds "9"]
[EventCountry "GER"]

1. d4 d5 2. Nf3 Nf6 3. Bg5 e6 4. e3 c5 5. Bb5+ Bd7 6. Bd3 Nc6 7. c3 Be7 8. Nbd2
Qb6 9. Qb3 c4 10. Qxb6 axb6 11. Bc2 b5 12. O-O b4 13. e4 bxc3 14. bxc3 Ra3 15.
Bxf6 Bxf6 16. exd5 exd5 17. Rfe1+ Kd8 18. Nb1 Ra7 19. Ne5 Nxe5 20. dxe5 Be7 21.
a4 Kc7 22. Nd2 Rha8 23. Nf3 Bxa4 24. Nd4 Bxc2 25. Nb5+ Kb6 26. Nxa7 Rxa7 27.
Rac1 Bd3 28. f4 Ra2 29. Ra1 Bc5+ 30. Kh1 Rf2 31. e6 fxe6 32. Rxe6+ Kb5 0-1

[Event "22.Deutsche Senioreneinzelmeisterschaft"]
[Site "Berlin-Spandau"]
[Date "2010.08.18"]
[Round "3.18"]
[White "Welz, Peter"]
[Black "Gudat, Alfons"]
[Result "1/2-1/2"]
[WhiteElo "2083"]
[BlackElo "1873"]
[PlyCount "83"]
[EventDate "2010.08.??"]
[EventType "swiss"]
[EventRounds "9"]
[EventCountry "GER"]

1. e4 c5 2. Nc3 Nc6 3. g3 g6 4. Bg2 Bg7 5. d3 d6 6. f4 e6 7. Nf3 Nge7 8. O-O
O-O 9. Be3 Nd4 10. Bf2 Rb8 11. Nxd4 cxd4 12. Ne2 e5 13. fxe5 dxe5 14. c3 Nc6
15. cxd4 Nxd4 16. Nxd4 exd4 17. Rc1 Be6 18. a3 Qb6 19. b4 a5 20. Qd2 axb4 21.
axb4 Rfc8 22. h3 Qb5 23. Rxc8+ Rxc8 24. Rb1 h5 25. Bf1 Kh7 26. Qb2 Rc3 27. Be1
Rb3 28. Qc2 Rxb1 29. Qxb1 Qd7 30. Kh2 Bd5 31. h4 Qe7 32. Kg1 Qd6 33. Kg2 Qd7
34. Kh2 Qe7 35. Kg2 Qd7 36. Be2 f5 37. Bf3 fxe4 38. Bxe4 Be5 39. Bxd5 Qxd5+ 40.
Kh2 Qd8 41. Kg1 Qd6 42. Kh2 1/2-1/2

[Event "22.Deutsche Senioreneinzelmeisterschaft"]
[Site "Berlin-Spandau"]
[Date "2010.08.18"]
[Round "3.19"]
[White "Reimer, Otto"]
[Black "Haselhorst, Helmut"]
[Result "0-1"]
[WhiteElo "1817"]
[BlackElo "2066"]
[PlyCount "68"]
[EventDate "2010.08.??"]
[EventType "swiss"]
[EventRounds "9"]
[EventCountry "GER"]

1. e4 Nf6 2. e5 Nd5 3. d4 d6 4. c4 Nb6 5. f4 dxe5 6. fxe5 c5 7. d5 e6 8. Nf3
exd5 9. cxd5 Qxd5 10. Bd2 Be7 11. Nc3 Qd8 12. Qc2 O-O 13. Bd3 h6 14. O-O-O Bd7
15. Ne4 Na6 16. a3 c4 17. Be2 Ba4 18. Qc3 Bxd1 19. Rxd1 Qc8 20. Nd4 Nc5 21.
Nf6+ Bxf6 22. exf6 Nd3+ 23. Kb1 Nd5 24. Qc2 Nxf6 25. Rf1 Ne4 26. Be3 Re8 27.
Nf5 Qe6 28. Bg4 Qg6 29. Qe2 Nd2+ 30. Qxd2 Qxg4 31. h3 Qe4 32. Ka1 Rad8 33. Qc3
Re5 34. Bxh6 Qxg2 0-1

[Event "22.Deutsche Senioreneinzelmeisterschaft"]
[Site "Berlin-Spandau"]
[Date "2010.08.18"]
[Round "3.20"]
[White "Barwich, Alfred"]
[Black "Achenbach, Manfred"]
[Result "0-1"]
[WhiteElo "1811"]
[BlackElo "2057"]
[PlyCount "90"]
[EventDate "2010.08.??"]
[EventType "swiss"]
[EventRounds "9"]
[EventCountry "GER"]

1. d4 c5 2. d5 e5 3. c4 d6 4. e4 Be7 5. Nf3 Nf6 6. Nc3 Nbd7 7. Be3 Nf8 8. Qc2
Ng6 9. h3 h6 10. Bd2 Nh7 11. Ne2 Ng5 12. Neg1 Bd7 13. g3 a6 14. a4 Bf6 15. h4
Nxf3+ 16. Nxf3 Bg4 17. Nh2 Bd7 18. Be2 Qc8 19. Qd1 Nf8 20. Bg4 Nh7 21. Bxd7+
Qxd7 22. Ng4 O-O 23. Ne3 b5 24. b3 Rab8 25. Nf5 bxc4 26. bxc4 Kh8 27. Qg4 h5
28. Qf3 g6 29. Ne3 Rb3 30. O-O Bg7 31. Rfc1 Rfb8 32. Qd1 Bh6 33. Rcb1 Qb7 34.
Rxb3 Qxb3 35. Qxb3 Rxb3 36. Nf1 Bxd2 37. Nxd2 Rd3 38. Rd1 f5 39. exf5 gxf5 40.
Kf1 Nf6 41. Ke2 e4 42. Rb1 Ng4 43. Rb2 Rd4 44. Rb6 Ne5 45. Rxd6 Rxd2+ 0-1

[Event "22.Deutsche Senioreneinzelmeisterschaft"]
[Site "Berlin-Spandau"]
[Date "2010.08.18"]
[Round "3.21"]
[White "Badestein, Hartmut"]
[Black "Riek, Wolfgang"]
[Result "1-0"]
[WhiteElo "2055"]
[BlackElo "1846"]
[PlyCount "63"]
[EventDate "2010.08.??"]
[EventType "swiss"]
[EventRounds "9"]
[EventCountry "GER"]
[WhiteTeam "SC Friesen Lichtenberg e.V."]
[BlackTeam "SC Muelheim 08/25 e.V."]

1. e4 c5 2. Nc3 d6 3. f4 Nc6 4. Nf3 g6 5. Bc4 Bg7 6. O-O e6 7. d3 Nge7 8. Qe1
O-O 9. Bb3 Na5 10. f5 Nxb3 11. axb3 exf5 12. Nh4 fxe4 13. dxe4 Be6 14. Qg3 d5
15. e5 Nc6 16. Bf4 h6 17. Nf3 g5 18. Bd2 f5 19. exf6 Bxf6 20. h4 Rf7 21. hxg5
Rg7 22. Qe1 Bd4+ 23. Nxd4 Nxd4 24. gxh6 Rg6 25. Qe5 Bh3 26. h7+ Kxh7 27. Qh5+
Kg7 28. Qxh3 Nxc2 29. Rf7+ Kxf7 30. Qh7+ Kf8 31. Qxg6 Nxa1 32. Bh6+ 1-0

[Event "22.Deutsche Senioreneinzelmeisterschaft"]
[Site "Berlin-Spandau"]
[Date "2010.08.18"]
[Round "3.22"]
[White "Mueller, Rudolf"]
[Black "Rollwitz, Juergen"]
[Result "1-0"]
[WhiteElo "2050"]
[BlackElo "1819"]
[PlyCount "57"]
[EventDate "2010.08.??"]
[EventType "swiss"]
[EventRounds "9"]
[EventCountry "GER"]
[WhiteTeam "Karlsruher SF 1853"]
[BlackTeam "SG  Wedding e.V."]

1. e4 d6 2. d4 Nf6 3. Nc3 e5 4. Bc4 Be7 5. f4 exd4 6. Qxd4 Nc6 7. Qe3 Nb4 8.
Bb3 Be6 9. Ba4+ Bd7 10. a3 Bxa4 11. axb4 Bxc2 12. Nge2 d5 13. e5 Ne4 14. Rxa7
b6 15. Rxa8 Qxa8 16. Nd4 Nxc3 17. bxc3 Be4 18. O-O c5 19. bxc5 bxc5 20. Ne2 Qc8
21. c4 O-O 22. cxd5 Bxd5 23. f5 Qc6 24. Qg3 Kh8 25. Nf4 g5 26. f6 Bd8 27. Rd1
Be4 28. Qxg5 Bg6 29. Qh6 1-0

[Event "22.Deutsche Senioreneinzelmeisterschaft"]
[Site "Berlin-Spandau"]
[Date "2010.08.18"]
[Round "3.23"]
[White "Walter, Guenter"]
[Black "Thieme, Wolfgang"]
[Result "1-0"]
[WhiteElo "2184"]
[BlackElo "1731"]
[PlyCount "89"]
[EventDate "2010.08.??"]
[EventType "swiss"]
[EventRounds "9"]
[EventCountry "GER"]

1. e4 c5 2. Nc3 Nc6 3. Nge2 d6 4. h3 g6 5. g3 Bg7 6. Bg2 Nf6 7. d3 O-O 8. Be3
a6 9. Qd2 Rb8 10. f4 e6 11. g4 Nd4 12. O-O Nxe2+ 13. Nxe2 b6 14. Ng3 d5 15. g5
d4 16. Bf2 Nd7 17. e5 Qc7 18. Rae1 Rd8 19. h4 Nf8 20. Ne4 Bb7 21. Nf6+ Bxf6 22.
gxf6 Bxg2 23. Kxg2 Qc6+ 24. Re4 Nd7 25. h5 Kf8 26. hxg6 hxg6 27. Kg3 Ke8 28.
Rh1 Nf8 29. Rh8 Kd7 30. Qe1 Kc7 31. Qh1 Kb7 32. Re1 Qxh1 33. Rexh1 Kc6 34. Rg8
c4 35. Rg7 Rb7 36. Rh8 Kd5 37. Kf3 b5 38. Be1 cxd3 39. cxd3 b4 40. Rgg8 Rbb8
41. Bxb4 Rxb4 42. Rxf8 Rxf8 43. Rxf8 Rb7 44. Rd8+ Kc5 45. b3 1-0

[Event "22.Deutsche Senioreneinzelmeisterschaft"]
[Site "Berlin-Spandau"]
[Date "2010.08.18"]
[Round "3.25"]
[White "Schumacher, Helmut"]
[Black "Lieb, Harald"]
[Result "0-1"]
[WhiteElo "1921"]
[BlackElo "2153"]
[PlyCount "78"]
[EventDate "2010.08.??"]
[EventType "swiss"]
[EventRounds "9"]
[EventCountry "GER"]
[WhiteTeam "Aachener SV 1856 e.V."]
[BlackTeam "SK Zehlendorf e.V."]

1. d4 d5 2. Nc3 Nf6 3. Bg5 e6 4. e4 dxe4 5. Nxe4 Be7 6. Bxf6 gxf6 7. Nf3 b6 8.
Bd3 Bb7 9. Qe2 Qd5 10. Nc3 Bb4 11. O-O Bxc3 12. bxc3 Rg8 13. Kh1 Qh5 14. Ne1
Qxe2 15. Bxe2 Nc6 16. Bf3 O-O-O 17. Nd3 Rg5 18. h4 Ra5 19. a4 Ne7 20. Bxb7+
Kxb7 21. Rfb1 Nf5 22. g3 {=} Nd6 23. Kg2 Ne4 24. Rb3 Rd6 25. f3 Nd2 26. Rb4 Rc6
27. Rd1 Nc4 28. Kf2 Kc8 29. Ra1 Nd6 30. Rb3 e5 31. d5 Rc4 32. Nb4 Rac5 33. Raa3
a5 34. Nc6 Kd7 35. Nb8+ Ke8 36. Na6 Rxd5 37. Ke2 Kd8 38. Ra1 Kc8 39. Rab1 Kb7
0-1